LIBRARY & INFORMATION CENTRE, KCAET, TAVANUR

ONLINE PUBLIC ACCESS CATALOGUE (OPAC)

Coffee, Vol 2 / (Record no. 10478)

MARC details
000 -LEADER
fixed length control field 00507cam a2200205ua 4500
020 ## - INTERNATIONAL STANDARD BOOK NUMBER
ISBN 1-85166-034-8
041 ## - LANGUAGE CODE
Language code of text/sound track or separate title eng
082 ## - DEWEY DECIMAL CLASSIFICATION NUMBER
Classification number 633.73
Item number CLA/CO
100 ## - MAIN ENTRY--AUTHOR NAME
Personal name Clarke, R J .
245 ## - TITLE STATEMENT
Title Coffee, Vol 2 /
260 ## - PUBLICATION, DISTRIBUTION, ETC. (IMPRINT)
Place of publication London :
Name of publisher Elsevier applied sciences ,
Year of publication 1987.
300 ## - PHYSICAL DESCRIPTION
Number of Pages 321 ; .
500 ## - GENERAL NOTE
General note ** Reference
700 1# - ADDED ENTRY--PERSONAL NAME
Personal name Macrae, R .
942 ## - ADDED ENTRY ELEMENTS (KOHA)
Koha item type Books
Holdings
Withdrawn status Lost status Damaged status Home library Current library Date acquired Full call number Accession Number Koha item type
      KAUAET KAUAET 07/04/2012 633.73 19647 Reference
free website counter